000 00477nam a2200181Ia 4500
005 20250326141741.0
008 250326s9999 xx 000 0 und d
037 _aTextbook
040 _aFMSL
_beng
_cFMSL
041 _aeng
_2eng
084 _aX625.44 M7
_qFMSL
100 _aAbrol P N
245 0 _aCommercial banking
_cAbrol P N
260 _aNew Delhi
_bNew Delhi, Anmol
_c1987
300 _a232p
942 _cTB
_hX625.44 M7
999 _c1291791
_d1291791